|
|
|
|
| LEADER |
01802cas a2200253 a 4500 |
| 001 |
AALejournalIMF001743 |
| 008 |
230101c9999 xx r poo 0 0eng d |
| 020 |
|
|
|c 5.00 USD
|
| 020 |
|
|
|z 9781451858426
|
| 022 |
|
|
|a 1018-5941
|
| 040 |
|
|
|a BD-DhAAL
|c BD-DhAAL
|
| 100 |
1 |
|
|a Hernandez, Leonardo.
|
| 245 |
1 |
0 |
|a Post-Crisis Exchange Rate Policy in Five Asian Countries :
|b Filling in the "Hollow Middle"? /
|c Leonardo Hernandez, Peter Montiel.
|
| 264 |
|
1 |
|a Washington, D.C. :
|b International Monetary Fund,
|c 2001.
|
| 300 |
|
|
|a 1 online resource (41 pages)
|
| 490 |
1 |
|
|a IMF Working Papers
|
| 500 |
|
|
|a <strong>Off-Campus Access:</strong> No User ID or Password Required
|
| 500 |
|
|
|a <strong>On-Campus Access:</strong> No User ID or Password Required
|
| 506 |
|
|
|a Electronic access restricted to authorized BRAC University faculty, staff and students
|
| 520 |
3 |
|
|a Following the 1997-98 financial turmoil, crisis countries in Asia moved toward either floating or fixed exchange rate systems, reinforcing the bipolar view of exchange rate regimes and the "hollow middle" hypothesis. But some academics have claimed that the crisis countries' policies have been similar in the post- and pre-crisis periods. This paper analyzes the evidence and concludes that, except for Malaysia, which adopted a hard peg and imposed capital controls, the other crisis countries are floating more than before, though less than "real" floaters do. Further, the crisis countries' policies during the post-crisis period can be justified on second-best arguments.
|
| 538 |
|
|
|a Mode of access: Internet
|
| 700 |
1 |
|
|a Montiel, Peter.
|
| 830 |
|
0 |
|a IMF Working Papers; Working Paper ;
|v No. 2001/170
|
| 856 |
4 |
0 |
|z Full text available on IMF
|u http://elibrary.imf.org/view/journals/001/2001/170/001.2001.issue-170-en.xml
|z IMF e-Library
|